Statistics for "The only country..." By Continent

Click here to take the quiz!

General Stats

  • This quiz has been taken 939 times
  • The average score is 15 of 24

Answer Stats

HintAnswer% Correct
EuropeThe only country with '&' in its nameBosnia & Herzegovina
85%
South AmericaThe only country with Dutch as an official languageSuriname
85%
South AmericaThe only country with coast on the Atlantic & Pacific oceansColombia
84%
North AmericaThe only country that does not have a coast on the AtlanticEl Salvador
82%
North AmericaThe only country that has four bordersGuatemala
82%
EuropeThe only country where the capital city contains the word 'city'Vatican City
82%
South AmericaThe only country who's capital begins with a vowelParaguay
80%
OceaniaThe only country that shares a land borderPapua New Guinea
77%
OceaniaThe only country with gay marriageNew Zealand
73%
North AmericaThe only country with Creole as an official languageHaiti
70%
AsiaThe only country where the capital is the same name as the countrySingapore
69%
South AmericaThe only country that is a member of OECDChile
67%
AfricaThe only enclave countryLesotho
67%
EuropeThe only country with the death penaltyBelarus
61%
North AmericaThe only country without red, white or blue on its flagJamaica
61%
AsiaThe only doubly landlocked countryUzbekistan
61%
AfricaThe only country where Malagasy is an official languageMadagascar
51%
AsiaThe only country with Portuguese as an official languageTimor-Leste
51%
OceaniaThe only country with a kingTonga
51%
AfricaThe only country that doesn't use the metric systemLiberia
45%
OceaniaThe only country that Britain hasn't invadedMarshall Islands
39%
EuropeThe only country that has won Eurovision but never hosted itMonaco
15%
AfricaThe only diarchy (country with two leaders)Swaziland
15%
AsiaThe only neutral countryTurkmenistan
6%

Score Distribution

Percentile by Number Answered

Percent of People with Each Score

Your Score History

You have not taken this quiz